| 000 | 01769nam a2200457Ii 4500 | ||
|---|---|---|---|
| 001 | DIGANTIG0035 | ||
| 003 | NyNyDIG | ||
| 008 | 141101t20092009sp ob 000 0 spa d | ||
| 006 | m o d | ||
| 007 | cr ||||||||||| | ||
| 035 | _a(OCoLC)1050254502 | ||
| 040 |
_aDGITA _beng _erda _epn _cDGITA |
||
| 020 |
_a9788492531202 _q(eBook ;qpdf) |
||
| 020 |
_a8492531207 _q(eBook ;qpdf) |
||
| 020 |
_z9788492531066 _q(pbk.) |
||
| 020 |
_z8492531061 _q(pbk.) |
||
| 043 | _ae-sp--- | ||
| 050 | 1 | 4 | _aDP81.6 eBook |
| 100 | 1 |
_aCasado Rabanal, David, _d1954- _eauthor. |
|
| 245 | 1 | 3 |
_aLa marina ilustrada : _bsueño y ambición de la España del XVIII : desarrollo y crisis (1702-1805) / _cDavid Casado Rabanal. |
| 250 | _aSPrimera edición. | ||
| 264 | 1 |
_aMadrid : _bEdiciones Antígona, S.L. : _bMinisterio de Defensa, _c2009. |
|
| 264 | 4 | _c©2009 | |
| 300 | _a1 online resource (676 pages) | ||
| 336 |
_atext _btxt _2rdacontent |
||
| 337 |
_acomputer _bc _2rdamedia |
||
| 338 |
_aonline resource _bcr _2rdacarrier |
||
| 490 | 1 |
_aCrítica ; _v2 |
|
| 504 | _aIncludes bibliographical references and index. | ||
| 588 | 0 | _aOnline resource; title from PDF title page (Digitalia, viewed November 14, 2014) | |
| 650 | 0 |
_aEnlightenment _zSpain. |
|
| 651 | 0 |
_aSpain _xHistory, Naval _y16th century. |
|
| 655 | 0 | _aElectronic books. | |
| 791 | 2 |
_aDigitalia (Firm), _edistributor. |
|
| 793 | 0 |
_gDigitalia eBook Collection: _aEdiciones Antígona |
|
| 776 | 0 | 8 |
_iPrint version: _aCasado Rabanal, David, 1954- _tMarina ilustrada. _dMadrid : Ediciones Antígona, 2013 _z9788492531066 |
| 830 | 0 |
_aCrítica (Ediciones Antígona) ; _v2. |
|
| 856 | 4 | 0 |
_3Digitalia Hispánica _uhttps://www.digitaliapublishing.com/a/24178/ |
| 910 | _aPremium Collection: 2014 | ||
| 942 | _cRAA | ||
| 999 |
_c238202 _d238202 |
||